000
00272nam a22001217a 4500
008
170301b xxu||||| |||| 00| 0 alb d
041
_a
alb
080
_a
616.8-006
100
_a
6
101
_a
SHM
245
_a
KEMOTERAPIA DHE ANTIBIOTERAPIA
_c
JAWETS, E
942
_2
udc
_c
BK
999
_c
6506
_d
6506